000 00680nam a2200229 i 4500
001 58272
003 ES-MaACL
005 20260215162910.0
007 t|
008 031021s1914 fr ||||1| fre d
100 1 _aDufestel, L.
_945888
245 1 0 _aHygiène scoalire /
_cpar L. Dufestel ; préface de Albert Mathieu.
250 _a2eme ed.
260 _aParis :
_bOctave Doin,
_c1914 (
_fTaffin-Lefort)
300 _a453 p. :
_bil. ;
_c18 cm.
490 1 _aEncyclopédie scientifique
650 4 _aHigiene escolar.
_9147625
700 1 _aMathieu, Albert
_979042
830 0 _aEncyclopédie scientifique
_9180883
852 _aES-MaACL
_jD-4450
999 _c58272
_d58272